| 000 | 00396nam a2200145 i 4500 | ||
|---|---|---|---|
| 001 | 44557 | ||
| 003 | ES-MaACL | ||
| 005 | 20230906161045.0 | ||
| 007 | t| | ||
| 008 | 030321s1882 sp ||||1| spa d | ||
| 245 | 0 | 0 | _aProyecto de codigo de comercio. |
| 260 |
_aMadrid : _b[s.n.], _c1882 ( _fImp. Ministerio de Gracia y Justicia) |
||
| 300 |
_aCCVII, 229 p. ; _c23 cm. |
||
| 852 |
_aES-MaACL _jC-2668 |
||
| 999 |
_c44557 _d44557 |
||